Revista colombiana de contabilidad. (Registro nro. 8074)
[ vista simple ]
| 000 -LEADER | |
|---|---|
| fixed length control field | 00837cas a2200241za 4500 |
| 005 - DATE AND TIME OF LATEST TRANSACTION | |
| control field | 20250329173736.0 |
| 007 - PHYSICAL DESCRIPTION FIXED FIELD--GENERAL INFORMATION | |
| fixed length control field | c --- |
| 008 - FIXED-LENGTH DATA ELEMENTS--GENERAL INFORMATION | |
| fixed length control field | 210302uuuuuuuuu uu p o u0 a0eng d |
| 022 ## - INTERNATIONAL STANDARD SERIAL NUMBER | |
| International Standard Serial Number | 2619-6263 |
| 040 ## - CATALOGING SOURCE | |
| Original cataloging agency | CO-CtgCURN |
| Language of cataloging | spa |
| Transcribing agency | coctgcurn |
| 082 04 - DEWEY DECIMAL CLASSIFICATION NUMBER | |
| Classification number | 657 |
| Item number | A837 |
| 110 2# - MAIN ENTRY--CORPORATE NAME | |
| Corporate name or jurisdiction name as entry element | Asociación Colombiana de Facultades de Contaduría Pública. |
| 245 10 - TITLE STATEMENT | |
| Title | Revista colombiana de contabilidad. |
| 260 ## - PUBLICATION, DISTRIBUTION, ETC. | |
| Place of publication, distribution, etc. | Colombia : |
| Name of publisher, distributor, etc. | Asociación Colombiana de Facultades de Contaduría Pública |
| 500 ## - GENERAL NOTE | |
| General note | Refereed/Peer-reviewed. |
| 506 0# - RESTRICTIONS ON ACCESS NOTE | |
| Standardized terminology for access restriction | Unrestricted online access |
| Source of term | star. |
| 650 #4 - SUBJECT ADDED ENTRY--TOPICAL TERM | |
| Topical term or geographic name entry element | Contaduría |
| General subdivision | Periodicas. |
| 650 #4 - SUBJECT ADDED ENTRY--TOPICAL TERM | |
| Topical term or geographic name entry element | Contabilidad |
| General subdivision | Periodicas. |
| 776 0# - ADDITIONAL PHYSICAL FORM ENTRY | |
| International Standard Serial Number | 2339-3645 |
| 856 7# - ELECTRONIC LOCATION AND ACCESS | |
| Uniform Resource Identifier | <a href="https://ojs.asfacop.org.co/index.php/asfacop">https://ojs.asfacop.org.co/index.php/asfacop</a> |
| Public note | Clic aqui para ver el texto completo |
| 906 ## - LOCAL DATA ELEMENT F, LDF (RLIN) | |
| a | JOURNAL |
| Withdrawn status | Lost status | Damaged status | Not for loan | Collection | Home library | Current library | Shelving location | Date acquired | Total checkouts | Full call number | Date last seen | Price effective from | Koha item type |
|---|---|---|---|---|---|---|---|---|---|---|---|---|---|
| Revistas electrónicas | Miguel Henríquez Castañeda | Miguel Henríquez Castañeda | Referencia | 03/29/2025 | 657 A837 | 03/29/2025 | 03/29/2025 | Revistas electrónicas |